logo

Bir Sreshtho Munshi Abdur Rouf Library
Jhenaidah Cadet College

Television in the lives of our children / (Record no. 8466)

MARC details
000 -LEADER
fixed length control field 00797cam a22002411 4500
001 - CONTROL NUMBER
JCCL Control Number 8466
003 - CONTROL NUMBER IDENTIFIER
JCCL marc code BD-JhCC
005 - DATE AND TIME OF LATEST TRANSACTION
control field 20180627095759.0
008 - FIXED-LENGTH DATA ELEMENTS--GENERAL INFORMATION
fixed length control field 730109s1961 caua b 000 0 eng
035 ## - SYSTEM CONTROL NUMBER
system control number (BD-JhCC)8466
040 ## - CATALOGING SOURCE
Original cataloging agency DLC
Transcribing agency DLC
Modifying agency DLC
041 ## - LANGUAGE CODE
Language code of Book eng
050 00 - LIBRARY OF CONGRESS CALL NUMBER
Classification number HQ784.T4
Item number S35
082 00 - DEWEY DECIMAL CLASSIFICATION NUMBER
Classification number 791.45013
Author mark and Year SCH 1961
100 1# - MAIN ENTRY--PERSONAL NAME
Personal name Schramm, Wilbur,
Dates associated with a name 1907-1987.
245 10 - TITLE STATEMENT
Title Television in the lives of our children /
Statement of responsibility, etc [by] Wilbur Schramm, Jack Lyle [and] Edwin B. Parker. With a psychiatrist's comment on the effects of television, by Lawrence Z. Freedman.
260 ## - PUBLICATION, DISTRIBUTION, ETC. (IMPRINT)
Place of publication, distribution, etc Stanford, Calif.,
Name of publisher, distributor, etc Stanford University Press,
Date of publication, distribution, etc 1961.
300 ## - PHYSICAL DESCRIPTION
Pagination 324 p.
Other physical details illus.
Dimensions 24 cm.
504 ## - BIBLIOGRAPHY, ETC. NOTE
Bibliography, etc Includes bibliography.
650 #0 - SUBJECT ADDED ENTRY--TOPICAL TERM
Topical term or geographic name as entry element Television and children.
942 ## - ADDED ENTRY ELEMENTS (KOHA)
Source of classification or shelving scheme Dewey Decimal Classification
Koha item type Books
Holdings
Source of classification or shelving scheme Damaged status Not for loan Home library Current library Shelving location Date of accession Total Checkouts Full call number Barcode Date last seen Copy number Koha item type
Dewey Decimal Classification     JCC Rouf Library JCC Rouf Library General Stacks 02/25/2018   791.45013 SCH 1961 11135 02/25/2018 C-1 Books

JCC Library | Contacts | JCC Home

Last Update on 23 September 2017
Copyright @ 2017-2020 JCC Rouf Library
Rouf Library, Jhenidah Cadet College (JCC), Bangladesh